All 99 Overall Cards In NBA 2K16 2K17 2K18 And 2K19 - Statistics

General Stats
  • This quiz has been taken 379 times
  • The average score is 33 of 68
Answer Stats
Year OVR Team Position Answer % Correct
2k16 99 Cavaliers SF LeBron James
99%
2k16 99 Bulls SG Michael Jordan
99%
2k16 99 Lakers SG Kobe Bryant
97%
2k16 99 Warriors PG Stephen Curry
97%
2k16 99 Bucks C Kareem Abdul-Jabbar
92%
2k17 99 Lakers SG Kobe Bryant
87%
2k17 99 Spurs PF Tim Duncan
77%
2k17 99 Heat SG Dwyane Wade
64%
2k17 99 Thunder PG Russell Westbrook
64%
2k17 99 Lakers C Wilt Chamberlain
63%
2k17 99 Pistons PG Isiah Thomas
62%
2k17 99 Bulls SG Michael Jordan
62%
2k18 99 Lakers C Shaquille O'Neal
61%
2k17 99 Lakers PG Jerry West
59%
2k18 99 Spurs C David Robinson
58%
2k18 99 Rockets SG James Harden
58%
2k18 99 Lakers SG Kobe Bryant
58%
2k17 99 Knicks C Patrick Ewing
58%
2k17 99 Cavaliers PF Kevin Love
56%
2k18 99 Cavaliers PG Kyrie Irving
56%
2k18 99 Cavaliers SF LeBron James
55%
2k18 99 Bulls SG Michael Jordan
52%
2k17 99 Suns PF Charles Barkley
51%
2k18 99 Bucks SF Giannis Antetokounmpo
51%
2k18 99 Timberwolves PF Kevin Garnett
51%
2k18 99 Celtics SF Larry Bird
51%
2k18 99 Knicks SF Carmelo Anthony
50%
2k18 99 Mavericks PF Dirk Nowitzki
50%
2k18 99 Lakers PG Magic Johnson
50%
2k18 99 76ers SG Allen Iverson
49%
2k18 99 Kings PG Oscar Robertson
49%
2k18 99 Timberwolves C Karl-Anthony Towns
48%
2k18 99 Warriors PG Stephen Curry
48%
2k18 99 Rockets SG James Harden
47%
2k18 99 Wizards PG John Wall
47%
2k18 99 Pelicans PF Anthony Davis
46%
2k17 99 Lakers SF Elgin Baylor
45%
2k17 99 Hawks PF Bob Pettit
44%
2k18 99 Bulls PG Derrick Rose
44%
2k18 99 Heat SG Dwyane Wade
44%
2k18 99 Thunder PG Russell Westbrook
44%
2k19 99 Bucks SF Giannis Antetokounmpo
42%
2k19 99 Pistons PG Isiah Thomas
42%
2k19 99 Clippers PG Chris Paul
41%
2k18 99 Magic PG Penny Hardaway
41%
2k19 99 Warriors C Wilt Chamberlain
41%
2k18 99 Rockets C Hakeem Olajuwon
40%
2k18 99 Warriors SF Kevin Durant
40%
2k18 99 Rockets C Yao Ming
39%
2k18 99 Spurs SF Kawhi Leonard
38%
2k18 99 Pacers SF Paul George
38%
2k18 99 Jazz C Rudy Gobert
36%
2k18 99 Jazz SG Donovan Mitchell
33%
2k18 99 Raptors SF Vince Carter
33%
2k18 99 Hawks SF Dominique Wilkins
32%
2k18 99 Rockets SG Tracy McGrady
30%
2k19 99 Lakers SF James Worthy
29%
2k19 99 Knicks PG Walt Frazier
29%
2k18 99 76ers SF Julius Erving
27%
2k18 99 Supersonics SG Ray Allen
27%
2k18 99 Kings PF Chris Webber
26%
2k18 99 Pacers SG Victor Oladipo
23%
2k18 99 76ers SF Ben Simmons
22%
2k18 99 Warriors C Nate Thurmond
22%
2k18 99 Knicks PF Kristaps Porzingis
21%
2k18 99 Warriors PG Baron Davis
16%
2k18 99 Lakers PG Lonzo Ball
13%
2k18 99 Clippers SG Louis Williams
1%
No matching quizzes found
Score Distribution
Percent of People with Each Score
Percentile by Number Answered
Your Score History
You have not taken this quiz